000 00598nam a2200181Ia 4500
008 090124s9999 xx 000 0 und d
082 _b24377
_a2620
100 _aतांबे नरेन्
245 _a टिळेकरांच्या एकांकिका
250 _a1
260 _c1984
300 _a69
600 _aतांबे नरेन्
630 _a टिळेकरांच्या एकांकिका
700 _aतांबे नरेन्
730 _a टिळेकरांच्या एकांकिका
942 _cBOOK
999 _c137939
_d137939